<?xml version="1.0" encoding="UTF-8"?>
<record
    xmlns:xsi="http://www.w3.org/2001/XMLSchema-instance"
    xsi:schemaLocation="http://www.loc.gov/MARC21/slim http://www.loc.gov/standards/marcxml/schema/MARC21slim.xsd"
    xmlns="http://www.loc.gov/MARC21/slim">

  <leader>02985cam a22002655a 4500</leader>
  <datafield tag="999" ind1=" " ind2=" ">
    <subfield code="c">27249</subfield>
    <subfield code="d">27220</subfield>
  </datafield>
  <controlfield tag="005">20190321100631.0</controlfield>
  <controlfield tag="008">181115t2018    stka   frbb   001 0 eng d</controlfield>
  <datafield tag="020" ind1=" " ind2=" ">
    <subfield code="z">9781474424073</subfield>
  </datafield>
  <datafield tag="040" ind1=" " ind2=" ">
    <subfield code="a">YDX</subfield>
    <subfield code="b">eng</subfield>
    <subfield code="c">YDX</subfield>
    <subfield code="d">CNCGM</subfield>
    <subfield code="d">OCLCO</subfield>
    <subfield code="d">YDX</subfield>
    <subfield code="d">N$T</subfield>
    <subfield code="d">Uk</subfield>
    <subfield code="d">EG-ScBUE</subfield>
  </datafield>
  <datafield tag="043" ind1=" " ind2=" ">
    <subfield code="a">ma-----</subfield>
  </datafield>
  <datafield tag="082" ind1="0" ind2="4">
    <subfield code="a">324.209174927</subfield>
    <subfield code="b">POL</subfield>
    <subfield code="2">22</subfield>
  </datafield>
  <datafield tag="245" ind1="0" ind2="0">
    <subfield code="a">Political parties in the Arab world :</subfield>
    <subfield code="b">continuity and change /</subfield>
    <subfield code="c">edited by Franceso Cavatorta and Lise Storm.</subfield>
  </datafield>
  <datafield tag="260" ind1=" " ind2=" ">
    <subfield code="a">Edinburgh :</subfield>
    <subfield code="b">Edinburgh University Press, </subfield>
    <subfield code="c">c.2018.</subfield>
  </datafield>
  <datafield tag="300" ind1=" " ind2=" ">
    <subfield code="a">xii, 356 p. :</subfield>
    <subfield code="b">ill. ;</subfield>
    <subfield code="c">24 cm.</subfield>
  </datafield>
  <datafield tag="500" ind1=" " ind2=" ">
    <subfield code="a">Title page contains misspelling of Francesco Cavatorta's first name as "Franceso."</subfield>
  </datafield>
  <datafield tag="504" ind1=" " ind2=" ">
    <subfield code="a">Includes bibliographical references and index.</subfield>
  </datafield>
  <datafield tag="505" ind1="0" ind2="0">
    <subfield code="g">1.</subfield>
    <subfield code="t">Do Arabs not do parties? An introduction and exploration /</subfield>
    <subfield code="r">Lise Storm and Francesco Cavatorta --</subfield>
    <subfield code="g">pt. 1</subfield>
    <subfield code="t">Party families --</subfield>
    <subfield code="g">2.</subfield>
    <subfield code="t">Leftist parties in the Arab region before and after the Arab Uprisings: 'unrequited love'? /</subfield>
    <subfield code="r">Valeria Resta --</subfield>
    <subfield code="g">3.</subfield>
    <subfield code="t">What are 'secular' parties in the Arab world? Insights from Tunisia's Nidaa Tomes and Morocco's PAM /</subfield>
    <subfield code="r">Anne Wolf --</subfield>
    <subfield code="g">4.</subfield>
    <subfield code="t">The institutionalisation of Islamist political parties after the uprisings /</subfield>
    <subfield code="r">Anass El Kyak --</subfield>
    <subfield code="g">5.</subfield>
    <subfield code="t">Do Salafi parties represent a contradiction in terms? The development and fragmentation of Kuwait's Salafi Islamic Group /</subfield>
    <subfield code="r">Zoltan Pall --</subfield>
    <subfield code="g">pt. 2</subfield>
    <subfield code="t">International constraints --</subfield>
    <subfield code="g">6.</subfield>
    <subfield code="t">Shi'ism, national belonging and political Islam: the Hezbollah and the Islamic Resistance in Lebanon /</subfield>
    <subfield code="r">Aur&#xE9;lie Daher --</subfield>
    <subfield code="g">7.</subfield>
    <subfield code="t">Party politics in the Palestinian Territories /</subfield>
    <subfield code="r">Manal A. Jamal --</subfield>
    <subfield code="g">8.</subfield>
    <subfield code="t">Sectarian friction and the struggle for power: party politics in Iraq post-2003 /</subfield>
    <subfield code="r">Sophie A. Edwards --</subfield>
    <subfield code="g">9.</subfield>
    <subfield code="t">Post-Gaddafi Libya: rejecting a political party system /</subfield>
    <subfield code="r">Amir M. Kamel --</subfield>
    <subfield code="g">pt. 3</subfield>
    <subfield code="t">Societal constituents --</subfield>
    <subfield code="g">10.</subfield>
    <subfield code="t">Tribes and political parties in the contemporary Arab world: a reassessment from Yemen /</subfield>
    <subfield code="r">Larissa Alles --</subfield>
    <subfield code="g">11.</subfield>
    <subfield code="t">In the shadow of legality: proto-parties and participatory politics in the Emirate of Kuwait /</subfield>
    <subfield code="r">Hendrik Kraetzschmar --</subfield>
    <subfield code="g">12.</subfield>
    <subfield code="t">Transformations in the political party system in Mauritania: the case of the Union for the Republic /</subfield>
    <subfield code="r">Raquel Ojeda-Garcia --</subfield>
    <subfield code="g">13.</subfield>
    <subfield code="t">Women's political inclusion and prospects for democracy in North Africa /</subfield>
    <subfield code="r">Loes Debuysere --</subfield>
    <subfield code="g">14.</subfield>
    <subfield code="t">Why did Tunisian and Egyptian youth activists fail to build competitive political parties? /</subfield>
    <subfield code="r">Mohammad Yaghi --</subfield>
    <subfield code="t">Conclusion and perspectives --</subfield>
    <subfield code="g">15.</subfield>
    <subfield code="t">Arab parties in context: lessons learned /</subfield>
    <subfield code="r">Francesco Cavatorta and Lise Storm.</subfield>
  </datafield>
  <datafield tag="520" ind1=" " ind2=" ">
    <subfield code="a">This book provides a thorough theoretical and empirical examination and analysis of the most important aspects and traits of political parties and party politics in the Arab world, exploring cases from across the region.</subfield>
  </datafield>
  <datafield tag="650" ind1=" " ind2="7">
    <subfield code="a">Political parties</subfield>
    <subfield code="z">Arab countries.</subfield>
    <subfield code="2">BUEsh</subfield>
  </datafield>
  <datafield tag="651" ind1=" " ind2="7">
    <subfield code="a">Arab countries</subfield>
    <subfield code="x">Politics and government.</subfield>
    <subfield code="2">BUEsh</subfield>
  </datafield>
  <datafield tag="653" ind1=" " ind2=" ">
    <subfield code="b">BUSBOL</subfield>
    <subfield code="c">March2019</subfield>
  </datafield>
  <datafield tag="700" ind1="1" ind2=" ">
    <subfield code="a">Cavatorta, Francesco,</subfield>
    <subfield code="e">editor.</subfield>
  </datafield>
  <datafield tag="700" ind1="1" ind2=" ">
    <subfield code="a">Storm, Lise,</subfield>
    <subfield code="e">editor.</subfield>
  </datafield>
  <datafield tag="942" ind1=" " ind2=" ">
    <subfield code="2">ddc</subfield>
  </datafield>
  <datafield tag="952" ind1=" " ind2=" ">
    <subfield code="0">0</subfield>
    <subfield code="1">0</subfield>
    <subfield code="2">ddc</subfield>
    <subfield code="4">0</subfield>
    <subfield code="7">0</subfield>
    <subfield code="8">Baccah</subfield>
    <subfield code="a">MAIN</subfield>
    <subfield code="b">MAIN</subfield>
    <subfield code="c">1ST</subfield>
    <subfield code="d">2019-03-18</subfield>
    <subfield code="e">Purchase</subfield>
    <subfield code="g">675.00</subfield>
    <subfield code="h">177</subfield>
    <subfield code="l">0</subfield>
    <subfield code="o">324.209174927 POL</subfield>
    <subfield code="p">000043261</subfield>
    <subfield code="r">2025-07-15 00:00:00</subfield>
    <subfield code="v">843.75</subfield>
    <subfield code="y">BB</subfield>
  </datafield>
</record>
